00511nam a22001692 4500001001100000005001700011008004100028040001500069100003100084245010000115250001400215260003100229300001600260650002300276650003900299852000300338000001177120151217155847.0090107s xx 000 0 eng d aKABUcKABU1 aPienaar, A. A.@000016776914aThe Adventures of a lion family and other studies of wild life in East Africa /cA. A. Pienaar. aSwan ed. aLondon :bLongmans,c1931. axv, 256 p. 0aLions.@0000161510 0aZoologyzAfrica, East.@00001677701